[Event "5th Batumi Municipality Cup 2019"]
[Site "Batumi"]
[Date "2019.07.07"]
[Round "6.9"]
[White "Chkhaidze, Nikoloz"]
[Black "Lomsadze, Davit"]
[Result "1/2-1/2"]
[WhiteElo "2330"]
[BlackElo "2292"]
[Annotator "NA"]
[PlyCount "21"]
[EventDate "2019.07.04"]
[EventCountry "GEO"]
[SourceTitle "playchess.com"]
[Source "ChessBase"]
[SourceQuality "1"]

1. d4 Nf6 2. c4 c6 3. Nf3 d5 4. cxd5 cxd5 5. Nc3 Nc6 6. Bf4 Bf5 7. e3 e6 8. Bd3 Bxd3 9. Qxd3 Bd6 10. Bxd6 Qxd6 11. O-O 1/2-1/2

[Event "5th Batumi Municipality Cup 2019"]
[Site "Batumi"]
[Date "2019.07.07"]
[Round "6.10"]
[White "Sibashvili, Giorgi"]
[Black "Morchiashvili, Bachana"]
[Result "1-0"]
[WhiteElo "2389"]
[BlackElo "2335"]
[Annotator "NA"]
[PlyCount "113"]
[EventDate "2019.07.04"]
[EventCountry "GEO"]
[SourceTitle "playchess.com"]
[Source "ChessBase"]
[SourceQuality "1"]

1. d4 Nf6 2. c4 g6 3. Nc3 Bg7 4. e4 O-O 5. Nf3 d6 6. Be2 e5 7. O-O Nc6 8. Be3 Re8 9. dxe5 dxe5 10. h3 b6 11. Qxd8 Nxd8 12. Nd5 Ne6 13. Ng5 Nf4 14. Rfe1 N6xd5 15. cxd5 Nxe2+ 16. Rxe2 h6 17. Nf3 f5 18. Rc2 fxe4 19. Nd2 Bb7 20. Rxc7 Bxd5 21. Rac1 Bf8 22. a3 g5 23. Nf1 Bd6 24. R7c2 Bb7 25. Ng3 Rec8 26. Nf5 Bf8 27. Rc7 Rxc7 28. Rxc7 Bc8 29. Ng3 Bd6 30. Rc6 Bf8 31. Nxe4 Bf5 32. Nf6+ Kf7 33. Ng4 Bxg4 34. hxg4 Re8 35. Kf1 Re6 36. Rc8 Re8 37. Rxe8 Kxe8 38. Ke2 Kd7 39. Kd3 Kc6 40. Ke4 Kb5 41. Kd5 Ka4 42. Kc4 b5+ 43. Kc3 a5 44. Bc1 b4+ 45. axb4 axb4+ 46. Kc4 b3 47. Bd2 Bd6 48. f3 Bc7 49. Bc3 Bb8 50. Kd5 Kb5 51. Bxe5 Ba7 52. Bg7 Be3 53. Bxh6 Bd2 54. Bg7 Ka4 55. Be5 Kb5 56. g3 Be1 57. f4 1-0

[Event "5th Batumi Municipality Cup 2019"]
[Site "Batumi"]
[Date "2019.07.07"]
[Round "6.11"]
[White "Eynullayev, Altay"]
[Black "Kutsanyan, Andranik"]
[Result "1-0"]
[WhiteElo "2188"]
[BlackElo "2223"]
[Annotator "NA"]
[PlyCount "103"]
[EventDate "2019.07.04"]
[EventCountry "GEO"]
[SourceTitle "playchess.com"]
[Source "ChessBase"]
[SourceQuality "1"]

1. d4 Nf6 2. c4 e6 3. g3 c5 4. d5 exd5 5. cxd5 d6 6. Nc3 g6 7. Bg2 Bg7 8. Nf3 O-O 9. O-O a6 10. a4 Re8 11. Bf4 Nh5 12. Bg5 Qc7 13. Qd2 Nd7 14. Rfc1 Rb8 15. Rab1 Qa5 16. g4 Nhf6 17. Qf4 Qb4 18. h3 Bf8 19. Nd2 b5 20. axb5 axb5 21. e4 Be7 22. Nf3 Qa5 23. e5 dxe5 24. Nxe5 Nxe5 25. Qxe5 Nd7 26. Qe3 b4 27. Bxe7 bxc3 28. bxc3 Rxb1 29. Rxb1 Qa2 30. Re1 Bb7 31. Qd3 Ba6 32. Qg3 Qd2 33. Re3 Rb8 34. Qf4 Rb1+ 35. Kh2 Re1 36. Bxc5 Rxe3 37. Qxe3 Qxe3 38. Bxe3 Bc4 39. Kg3 f6 40. Kf4 Bd3 41. Ba7 Ne5 42. Ke3 Ba6 43. Kd4 Kf7 44. f4 Nd7 45. c4 g5 46. fxg5 fxg5 47. c5 h5 48. gxh5 Nf6 49. h6 Kg6 50. c6 Ne8 51. Kc5 Kxh6 52. d6 1-0

[Event "5th Batumi Municipality Cup 2019"]
[Site "Batumi"]
[Date "2019.07.07"]
[Round "6.12"]
[White "Quparadze, Giga"]
[Black "Mustafayev, Farid"]
[Result "0-1"]
[WhiteElo "2499"]
[BlackElo "2289"]
[Annotator "ChessBase"]
[PlyCount "124"]
[EventDate "2019.07.04"]
[EventCountry "GEO"]
[SourceTitle "playchess.com"]
[Source "ChessBase"]
[SourceQuality "1"]

1. e4 c6 2. d4 d5 3. Nc3 dxe4 4. Nxe4 Nf6 5. Nxf6+ exf6 6. c3 Bd6 7. Bd3 O-O 8. Qc2 h6 9. Ne2 Qc7 10. h3 Be6 11. O-O Re8 12. c4 Nd7 13. c5 Be7 14. Nf4 Nf8 15. Bc4 Bxc4 16. Qxc4 Rad8 17. Be3 f5 18. d5 cxd5 19. Nxd5 Qc6 20. Rfd1 Bf6 21. Rab1 Re4 22. Qb3 Rde8 23. Nxf6+ Qxf6 24. Qxb7 f4 25. Bd2 f3 26. Qb3 fxg2 27. Qg3 Ne6 28. Bc3 Qf5 29. c6 Ng5 30. Kxg2 Rf4 31. Re1 Qd5+ 32. Kg1 Nf3+ 33. Kf1 Qd3+ 34. Kg2 Nxe1+ 35. Rxe1 Qxg3+ 36. Kxg3 Rxe1 37. Kxf4 Re6 38. c7 Rc6 39. Ba5 Kf8 40. b4 Ke7 41. b5 Rc4+ 42. Kf3 Kd7 43. b6 axb6 44. Bxb6 Ra4 45. Bc5 Rxa2 46. Bf8 g6 47. Bxh6 Kxc7 48. Be3 Kd7 49. Kg2 Ke6 50. Bb6 f5 51. Be3 Ke5 52. Bb6 Ke4 53. Bd8 f4 54. Bb6 f3+ 55. Kg3 Ra1 56. Bc7 Rg1+ 57. Kh4 Rg2 58. Bg3 Kd3 59. Kg4 Ke2 60. h4 Rxf2 61. Bxf2 Kxf2 62. Kg5 Kg3 0-1

[Event "5th Batumi Municipality Cup 2019"]
[Site "Batumi"]
[Date "2019.07.07"]
[Round "6.13"]
[White "Tereladze, Sopiko"]
[Black "Atakishiyev, Elmar"]
[Result "1-0"]
[WhiteElo "2144"]
[BlackElo "2302"]
[Annotator "NA"]
[PlyCount "123"]
[EventDate "2019.07.04"]
[EventCountry "GEO"]
[SourceTitle "playchess.com"]
[Source "ChessBase"]
[SourceQuality "1"]

1. d4 e6 2. e4 d5 3. exd5 exd5 4. Nf3 Nf6 5. Bd3 Bd6 6. O-O O-O 7. Nbd2 c5 8. dxc5 Bxc5 9. h3 Nc6 10. Nb3 Bb6 11. Re1 h6 12. Be3 Bc7 13. c4 Re8 14. a3 dxc4 15. Bxc4 Bf5 16. Qxd8 Raxd8 17. Nbd4 Nxd4 18. Nxd4 Be4 19. Nb5 Be5 20. Bxa7 Rc8 21. Bb3 Bxb2 22. Nd6 Bxa1 23. Bxf7+ Kh7 24. Bxe8 Ra8 25. Nxe4 Rxa7 26. Rxa1 Nxe8 27. Kf1 Nc7 28. Ke2 Kg6 29. Kd3 Kf5 30. Nd2 b5 31. Nb3 Ke5 32. g3 Kd5 33. f3 Ne6 34. h4 Rf7 35. Rd1 Kc6 36. Ke4 Nc7 37. Rc1+ Kd6 38. Rd1+ Kc6 39. Nd4+ Kb6 40. Nf5 Ne8 41. g4 Ra7 42. Rd3 Nf6+ 43. Kf4 Kc6 44. Rc3+ Kd7 45. Ke5 Ne8 46. Rd3+ Kc7 47. Ke6 Kb6 48. g5 hxg5 49. hxg5 g6 50. Nh4 Kc5 51. Nxg6 Ra6+ 52. Kf7 Nd6+ 53. Kf8 Nc4 54. Nf4 Ra8+ 55. Ke7 Ra7+ 56. Kf6 Nd6 57. Ne6+ Kc6 58. g6 Ne8+ 59. Ke5 Re7 60. f4 Ng7 61. f5 Kb7 62. Ke4 1-0

[Event "5th Batumi Municipality Cup 2019"]
[Site "Batumi"]
[Date "2019.07.07"]
[Round "6.14"]
[White "Poghosyan, Suren"]
[Black "Mikadze, Miranda"]
[Result "0-1"]
[WhiteElo "2298"]
[BlackElo "2300"]
[Annotator "NA"]
[PlyCount "100"]
[EventDate "2019.07.04"]
[EventCountry "GEO"]
[SourceTitle "playchess.com"]
[Source "ChessBase"]
[SourceQuality "1"]

1. d4 d5 2. c4 c6 3. Nf3 Nf6 4. Nc3 dxc4 5. a4 e6 6. e3 c5 7. Bxc4 Nc6 8. O-O cxd4 9. exd4 Be7 10. Qe2 O-O 11. Rd1 Nb4 12. Bg5 h6 13. Bh4 Re8 14. Ne5 Bd7 15. a5 a6 16. Na4 Nfd5 17. Qf3 Rf8 18. Bxe7 Qxe7 19. Nc5 Be8 20. Qb3 Ra7 21. Re1 Qg5 22. g3 Bb5 23. Bxb5 axb5 24. Ncd3 Qe7 25. Rec1 Rfa8 26. Rc5 Nxd3 27. Qxd3 b4 28. Rac1 Rd8 29. h4 Ra6 30. R1c4 Rad6 31. Qc2 Qe8 32. Kg2 f6 33. Nd3 e5 34. dxe5 Ne3+ 35. fxe3 Rxd3 36. Rd4 R8xd4 37. exd4 Qg6 38. Qf2 Qe4+ 39. Kh2 f5 40. Rc2 Rf3 41. Qg2 g5 42. Rc8+ Kf7 43. Qc2 Qe1 44. Rf8+ Kg6 45. Rf6+ Kh5 46. Qg2 g4 47. e6 Rf2 48. d5 Rxg2+ 49. Kxg2 Qd2+ 50. Kf1 Qc1+ 0-1

[Event "5th Batumi Municipality Cup 2019"]
[Site "Batumi"]
[Date "2019.07.07"]
[Round "6.15"]
[White "Kusluvan, Yekaterina"]
[Black "Yeritsyan, Hayk"]
[Result "0-1"]
[WhiteElo "2155"]
[BlackElo "2210"]
[Annotator "NA"]
[PlyCount "86"]
[EventDate "2019.07.04"]
[EventCountry "GEO"]
[SourceTitle "playchess.com"]
[Source "ChessBase"]
[SourceQuality "1"]

1. e4 c5 2. Nf3 Nc6 3. Bb5 g6 4. O-O Bg7 5. c3 Nf6 6. Re1 O-O 7. d4 cxd4 8. cxd4 d5 9. e5 Ne4 10. Qb3 Bg4 11. Bxc6 bxc6 12. Nfd2 Nxd2 13. Nxd2 a5 14. Qg3 Bc8 15. Nb3 f6 16. exf6 Bxf6 17. Bg5 Qd6 18. Bxf6 Qxf6 19. Re5 Rb8 20. Nxa5 Rxb2 21. f3 Bf5 22. Qe1 Bh3 23. gxh3 Qf4 24. Qg3 Qxd4+ 25. Kh1 Rb5 26. Rae1 Rxa5 27. Rxe7 Rxa2 28. Re8 Ra1 29. Kg2 Rxe1 30. Qxe1 Qf6 31. Qe3 Rxe8 32. Qxe8+ Kg7 33. Qd7+ Kh6 34. Kf2 Qd4+ 35. Kg2 c5 36. Qe7 c4 37. h4 Qf4 38. Qc5 Qxh4 39. Qf8+ Kh5 40. Qf7 Qg5+ 41. Kf2 h6 42. f4 Qf5 43. Qc7 g5 0-1

[Event "5th Batumi Municipality Cup 2019"]
[Site "Batumi"]
[Date "2019.07.07"]
[Round "6.16"]
[White "Hajiyeva, Laman"]
[Black "Primbetov, Kazbek"]
[Result "0-1"]
[WhiteElo "2107"]
[BlackElo "2275"]
[Annotator "NA"]
[PlyCount "70"]
[EventDate "2019.07.04"]
[EventCountry "GEO"]
[SourceTitle "playchess.com"]
[Source "ChessBase"]
[SourceQuality "1"]

1. d4 Nf6 2. c4 g6 3. Nc3 Bg7 4. e4 d6 5. f3 e5 6. d5 Nfd7 7. Be3 Bh6 8. Qd2 Bxe3 9. Qxe3 h5 10. O-O-O a5 11. Nge2 Nb6 12. c5 dxc5 13. d6 c6 14. f4 N8d7 15. Ng1 exf4 16. Qxf4 Qf6 17. g3 O-O 18. Nf3 a4 19. e5 Qg7 20. Re1 a3 21. b3 Nd5 22. Qd2 N7b6 23. Bd3 Bg4 24. Ng5 Rae8 25. Nxd5 cxd5 26. h3 Bd7 27. Nf3 f6 28. exf6 Qxf6 29. Nh4 c4 30. bxc4 Qa1+ 31. Bb1 Rc8 32. Qd3 Rxc4+ 33. Kd2 Rd4 34. Nxg6 Qb2+ 35. Bc2 Nc4+ 0-1

[Event "5th Batumi Municipality Cup 2019"]
[Site "Batumi"]
[Date "2019.07.07"]
[Round "6.17"]
[White "Khachatryan, Anna"]
[Black "Dolzhykova, Kateryna"]
[Result "0-1"]
[WhiteElo "2027"]
[BlackElo "2228"]
[Annotator "NA"]
[PlyCount "62"]
[EventDate "2019.07.04"]
[EventCountry "GEO"]
[SourceTitle "playchess.com"]
[Source "ChessBase"]
[SourceQuality "1"]

1. d4 d6 2. Nf3 Nf6 3. c4 g6 4. Nc3 Bg7 5. e4 O-O 6. h3 e5 7. d5 a5 8. g4 Na6 9. Be3 Nc5 10. Nd2 Ne8 11. g5 f5 12. h4 c6 13. dxc6 bxc6 14. Bxc5 dxc5 15. Qe2 Nc7 16. O-O-O Ne6 17. Na4 Nd4 18. Qe3 Rb8 19. Nxc5 Qb6 20. Qa3 fxe4 21. Ncxe4 Bg4 22. c5 Qb4 23. Qxb4 Rxb4 24. a3 Nb3+ 25. Nxb3 Rxe4 26. Nd2 Rd4 27. f3 Rxf3 28. Bc4+ Kf8 29. Rdf1 Rxf1+ 30. Rxf1+ Ke8 31. Bg8 Bf5 0-1

[Event "5th Batumi Municipality Cup 2019"]
[Site "Batumi"]
[Date "2019.07.08"]
[Round "7.1"]
[White "Sanikidze, Tornike"]
[Black "Maghalashvili, Davit"]
[Result "1/2-1/2"]
[WhiteElo "2509"]
[BlackElo "2485"]
[Annotator "RC"]
[PlyCount "25"]
[EventDate "2019.07.04"]
[EventCountry "GEO"]
[SourceTitle "playchess.com"]
[Source "ChessBase"]
[SourceQuality "1"]

1. d4 d5 2. c4 e6 3. Nc3 Be7 4. cxd5 exd5 5. Bf4 c6 6. Qc2 Bd6 7. Bxd6 Qxd6 8. e3 Ne7 9. Bd3 b6 10. Nf3 Ba6 11. O-O Bxd3 12. Qxd3 O-O 13. Rac1 1/2-1/2

[Event "5th Batumi Municipality Cup 2019"]
[Site "Batumi"]
[Date "2019.07.08"]
[Round "7.2"]
[White "Gharibyan, Mamikon"]
[Black "Pantsulaia, Levan"]
[Result "1/2-1/2"]
[WhiteElo "2350"]
[BlackElo "2612"]
[Annotator "RC"]
[PlyCount "75"]
[EventDate "2019.07.04"]
[EventCountry "GEO"]
[SourceTitle "playchess.com"]
[Source "ChessBase"]
[SourceQuality "1"]

1. d4 Nf6 2. c4 c5 3. d5 g6 4. Nc3 Bg7 5. e4 d6 6. Be2 O-O 7. Be3 e6 8. Nf3 exd5 9. cxd5 Bg4 10. Nd2 Bxe2 11. Qxe2 Re8 12. O-O Na6 13. Rab1 Rb8 14. a3 Qd7 15. Qb5 Qe7 16. Qe2 Qd7 17. Qb5 Qc8 18. Qd3 Ng4 19. Nc4 Ne5 20. Nxe5 Bxe5 21. Nb5 Qd7 22. Nxa7 Nc7 23. b4 Qa4 24. bxc5 Qxa7 25. f4 Nxd5 26. exd5 Bg7 27. Rb6 Rbd8 28. Rd1 dxc5 29. Bxc5 Bf8 30. Bf2 Qa4 31. g3 Rd7 32. Qb3 Qxa3 33. Qxa3 Bxa3 34. Rd3 Bf8 35. Rb5 Re4 36. Rdb3 Re2 37. Rxb7 Rxd5 38. Rb2 1/2-1/2

[Event "5th Batumi Municipality Cup 2019"]
[Site "Batumi"]
[Date "2019.07.08"]
[Round "7.3"]
[White "Sargsyan, Shant"]
[Black "Urazayev, Arystanbek"]
[Result "1-0"]
[WhiteElo "2529"]
[BlackElo "2436"]
[Annotator "ChessBase"]
[PlyCount "95"]
[EventDate "2019.07.04"]
[EventCountry "GEO"]
[SourceTitle "playchess.com"]
[Source "ChessBase"]
[SourceQuality "1"]

1. d4 Nf6 2. c4 e6 3. g3 d5 4. Bg2 dxc4 5. Nf3 a6 6. O-O b5 7. Ne5 Nd5 8. e4 Nf6 9. a4 Bb7 10. axb5 axb5 11. Rxa8 Bxa8 12. Nc3 c6 13. Bg5 Be7 14. Qa1 Bb7 15. Qa7 Qc8 16. Ra1 O-O 17. Ng4 Re8 18. Bxf6 gxf6 19. e5 f5 20. Ne3 Ba6 21. g4 b4 22. Na4 fxg4 23. Nc5 Bb5 24. Nxg4 h5 25. Ne3 Qd8 26. Ne4 Nd7 27. Bf3 Kh8 28. Bxh5 Rg8+ 29. Ng3 Rg7 30. Qb7 Nb6 31. Ng4 f5 32. Nh6 f4 33. Nf7+ Rxf7 34. Bxf7 fxg3 35. hxg3 c3 36. bxc3 bxc3 37. Bxe6 c2 38. Rc1 Bd3 39. Qxc6 Bg5 40. Rxc2 Bxc2 41. Qxc2 Qxd4 42. Qg6 Qd8 43. f4 Nd5 44. Qh5+ Kg7 45. Qf7+ Kh8 46. fxg5 Nf4 47. Qxf4 Qb6+ 48. Kh2 1-0

[Event "5th Batumi Municipality Cup 2019"]
[Site "Batumi"]
[Date "2019.07.08"]
[Round "7.4"]
[White "Garayev, Kanan"]
[Black "Aliyev, Ravan"]
[Result "1/2-1/2"]
[WhiteElo "2351"]
[BlackElo "2385"]
[Annotator "NA"]
[PlyCount "28"]
[EventDate "2019.07.04"]
[EventCountry "GEO"]
[SourceTitle "playchess.com"]
[Source "ChessBase"]
[SourceQuality "1"]

1. d4 g6 2. g3 Bg7 3. Bg2 Nf6 4. e4 d6 5. Nc3 O-O 6. Nge2 e5 7. h3 c6 8. a4 a5 9. O-O Na6 10. Be3 Qe7 11. Qd2 Rd8 12. Rad1 Bd7 13. f4 Be8 14. Qc1 exd4 1/2-1/2

[Event "5th Batumi Municipality Cup 2019"]
[Site "Batumi"]
[Date "2019.07.08"]
[Round "7.5"]
[White "Chkhaidze, Nikoloz"]
[Black "Kekelidze, Mikheil"]
[Result "0-1"]
[WhiteElo "2330"]
[BlackElo "2378"]
[Annotator "NA"]
[PlyCount "70"]
[EventDate "2019.07.04"]
[EventCountry "GEO"]
[SourceTitle "playchess.com"]
[Source "ChessBase"]
[SourceQuality "1"]

1. d4 Nf6 2. c4 c5 3. d5 e5 4. Nc3 d6 5. e4 Nbd7 6. Bd3 g6 7. g4 a6 8. h4 b5 9. cxb5 Nb6 10. f3 c4 11. Bc2 axb5 12. Nxb5 Ba6 13. Nc3 Nfd7 14. Be3 Be7 15. h5 Bh4+ 16. Kf1 gxh5 17. f4 exf4 18. Bxb6 Nxb6 19. Rxh4 Qxh4 20. Qd4 O-O 21. Qxb6 hxg4 22. Qxd6 g3 23. Re1 Bc8 24. e5 Qh2 25. Ne4 Bh3+ 26. Nxh3 g2+ 27. Ke2 g1=Q+ 28. Nhf2 Qgg2 29. Kd2 c3+ 30. bxc3 Rxa2 31. Qb6 Qg6 32. Qd4 Rb8 33. Rh1 Qxe4 34. Qxe4 Qxf2+ 35. Kd3 Qxc2+ 0-1

[Event "5th Batumi Municipality Cup 2019"]
[Site "Batumi"]
[Date "2019.07.08"]
[Round "7.6"]
[White "Nigalidze, Gaioz"]
[Black "Sibashvili, Giorgi"]
[Result "1/2-1/2"]
[WhiteElo "2563"]
[BlackElo "2389"]
[Annotator "ChessBase"]
[PlyCount "93"]
[EventDate "2019.07.04"]
[EventCountry "GEO"]
[SourceTitle "playchess.com"]
[Source "ChessBase"]
[SourceQuality "1"]

1. Nf3 d5 2. g3 Bg4 3. Bg2 c6 4. O-O e6 5. d3 Bd6 6. Nbd2 Nd7 7. e4 Ne7 8. d4 O-O 9. h3 Bh5 10. Qe2 c5 11. exd5 exd5 12. dxc5 Nxc5 13. Nb3 Re8 14. Nbd4 Nc6 15. Qd1 Ne4 16. c3 Nxd4 17. cxd4 Bxf3 18. Qxf3 Qb6 19. Qd3 Rac8 20. Be3 Qxb2 21. Rfb1 Qc2 22. Qxc2 Rxc2 23. Rxb7 h5 24. Bf3 Nc3 25. Bxh5 g6 26. Bf3 Bxg3 27. Rxa7 f5 28. Ra6 f4 29. Rxg6+ Kh7 30. Rg4 fxe3 31. fxg3 Rf2 32. Rf4 Rg8 33. Rh4+ Kg7 34. Rg4+ Kh7 35. Rh4+ Kg7 36. Rg4+ Kh7 37. Rxg8 Kxg8 38. Rf1 Rxa2 39. Re1 e2 40. Kf2 Nd1+ 41. Kg2 Nc3 42. Bg4 Kf7 43. Kf3 Rd2 44. Ke3 Rd1 45. Kf2 Kf6 46. Bf3 Kg5 47. h4+ 1/2-1/2

[Event "5th Batumi Municipality Cup 2019"]
[Site "Batumi"]
[Date "2019.07.08"]
[Round "7.7"]
[White "Barsov, Alexei"]
[Black "Manukyan, Sargis V."]
[Result "1-0"]
[WhiteElo "2397"]
[BlackElo "2282"]
[Annotator "NA"]
[PlyCount "123"]
[EventDate "2019.07.04"]
[EventCountry "GEO"]
[SourceTitle "playchess.com"]
[Source "ChessBase"]
[SourceQuality "1"]

1. d4 Nf6 2. Nf3 g6 3. c4 Bg7 4. g3 c5 5. Bg2 O-O 6. O-O cxd4 7. Nxd4 Nc6 8. Nc3 Ng4 9. e3 d6 10. b3 Nge5 11. h3 Nxd4 12. exd4 Nc6 13. Be3 e5 14. dxe5 dxe5 15. Bc5 Re8 16. Nb5 Nd4 17. Nxd4 exd4 18. Qd2 Qc7 19. Bxd4 Rd8 20. Bd5 Bxd4 21. Qxd4 Bxh3 22. Rfe1 Qd7 23. Qf6 Re8 24. Rad1 Rad8 25. Kh2 Bg4 26. Be6 Bxe6 27. Rxd7 Rxd7 28. Re2 b6 29. g4 Red8 30. Kg3 Rd1 31. f3 R8d3 32. Qf4 Rf1 33. Rf2 Rg1+ 34. Kh2 Rdd1 35. Qb8+ Kg7 36. Qe5+ Kg8 37. Qb8+ Kg7 38. Qxa7 h5 39. gxh5 g5 40. Qe7 Kh6 41. Qf6+ Kxh5 42. f4 Rh1+ 43. Kg3 Rdg1+ 44. Kf3 gxf4 45. Kxf4 Rh4+ 46. Ke5 Rg5+ 47. Kd6 Rg6 48. Qe5+ Kh6 49. Kc7 Rh5 50. Qh8+ Kg5 51. Qd4 Kh6 52. Rf6 b5 53. Rxg6+ Kxg6 54. c5 Rd5 55. Qe4+ Kf6 56. Qh4+ Ke5 57. Qg3+ Ke4 58. c6 b4 59. Qh4+ Kd3 60. Qxb4 f5 61. Qe7 Re5 62. Kd6 1-0

[Event "5th Batumi Municipality Cup 2019"]
[Site "Batumi"]
[Date "2019.07.08"]
[Round "7.8"]
[White "Lomsadze, Davit"]
[Black "Sargissyan, Sargis"]
[Result "1-0"]
[WhiteElo "2292"]
[BlackElo "2229"]
[Annotator "NA"]
[PlyCount "135"]
[EventDate "2019.07.04"]
[EventCountry "GEO"]
[SourceTitle "playchess.com"]
[Source "ChessBase"]
[SourceQuality "1"]

1. g3 c5 2. Bg2 Nc6 3. Nf3 g6 4. O-O Bg7 5. d3 Nf6 6. Nc3 O-O 7. a3 d6 8. Rb1 Bd7 9. Bd2 Qc8 10. b4 b6 11. b5 Nd4 12. Ng5 Rb8 13. e3 Ne6 14. Nf3 Nc7 15. a4 Bh3 16. e4 Bg4 17. Qc1 a6 18. e5 Nfe8 19. exd6 Nxd6 20. bxa6 Qxa6 21. Re1 Bxf3 22. Bxf3 Nf5 23. Bg2 Rfe8 24. Nb5 Ne6 25. c3 Qxa4 26. Bc6 Qa6 27. Bxe8 Rxe8 28. Rxe6 fxe6 29. Nc7 Qc8 30. Nxe8 Qxe8 31. Rxb6 Qd7 32. Qe1 Kf7 33. Qe4 Bf6 34. g4 Nd6 35. Qf3 Kg7 36. g5 Be5 37. Qe2 Nf7 38. f4 Bd6 39. Rb1 e5 40. Rf1 Qh3 41. fxe5 Nxe5 42. Bf4 Qf5 43. Bxe5+ Qxe5 44. Qxe5+ Bxe5 45. Re1 Bd6 46. Kg2 h6 47. gxh6+ Kxh6 48. h4 Kg7 49. Kf3 Kf6 50. Ke4 Bg3 51. Rh1 Ke6 52. h5 gxh5 53. Rxh5 Kd6 54. Rh6+ e6 55. Rh7 Be1 56. c4 Bc3 57. Rh5 Bd4 58. Kf3 Ke7 59. Ke2 Kf6 60. Kd1 Kg6 61. Rh4 Kg5 62. Re4 Kf6 63. Kc2 Ke7 64. Kb3 Kd6 65. Ka4 Bf2 66. Kb5 Bg1 67. Rg4 Be3 68. Rg8 {Kd5} 1-0

[Event "5th Batumi Municipality Cup 2019"]
[Site "Batumi"]
[Date "2019.07.08"]
[Round "7.9"]
[White "Lortkipanidze, Nodar"]
[Black "Eynullayev, Altay"]
[Result "1-0"]
[WhiteElo "2311"]
[BlackElo "2188"]
[Annotator "NA"]
[PlyCount "45"]
[EventDate "2019.07.04"]
[EventCountry "GEO"]
[SourceTitle "playchess.com"]
[Source "ChessBase"]
[SourceQuality "1"]

1. e4 c5 2. c3 d5 3. exd5 Qxd5 4. d4 Nc6 5. Nf3 Bf5 6. Be3 e6 7. Na3 cxd4 8. Nb5 Rc8 9. Nfxd4 a6 10. Nxc6 Qxd1+ 11. Rxd1 Rxc6 12. Nd4 Rc8 13. Nxf5 exf5 14. Bd3 g6 15. Bd4 f6 16. O-O Rc6 17. b4 Kf7 18. b5 axb5 19. Bxb5 Rd6 20. Bc4+ Kg7 21. Rb1 Rd7 22. Rb6 Ba3 23. Rfb1 1-0

[Event "5th Batumi Municipality Cup 2019"]
[Site "Batumi"]
[Date "2019.07.08"]
[Round "7.10"]
[White "Mikadze, Miranda"]
[Black "Babazada, Khazar"]
[Result "1/2-1/2"]
[WhiteElo "2300"]
[BlackElo "2247"]
[Annotator "NA"]
[PlyCount "117"]
[EventDate "2019.07.04"]
[EventCountry "GEO"]
[SourceTitle "playchess.com"]
[Source "ChessBase"]
[SourceQuality "1"]

1. e4 Nf6 2. e5 Nd5 3. d4 d6 4. Nf3 Nb6 5. c4 g6 6. Nc3 Bg7 7. exd6 cxd6 8. Be3 O-O 9. Rc1 Bf5 10. Be2 e6 11. b3 d5 12. c5 Nc8 13. O-O Nc6 14. Qd2 N8e7 15. Rfd1 Bg4 16. Ne1 Bxe2 17. Nxe2 Nf5 18. Nf3 Re8 19. Bf4 h6 20. h3 g5 21. Bh2 Nfe7 22. b4 Rc8 23. a3 f5 24. Qd3 Ng6 25. Bd6 h5 26. g3 g4 27. hxg4 hxg4 28. Ne1 Kf7 29. f3 Qg5 30. f4 Qd8 31. Ng2 Rh8 32. b5 Na5 33. Ne3 Qd7 34. Kg2 Rh3 35. Rh1 Rch8 36. Rxh3 Rxh3 37. Rh1 Nc4 38. Rxh3 Nxe3+ 39. Qxe3 gxh3+ 40. Kxh3 Qxb5 41. Be5 Qb1 42. Kh2 Bh6 43. Bb8 a6 44. Bd6 Qf1 45. Ng1 Bg7 46. Nf3 Bf6 47. Be5 Be7 48. Bd6 Bf6 49. Be5 Bd8 50. Bd6 Qd1 51. Qc3 Qe2+ 52. Kg1 Bf6 53. Be5 Nxe5 54. Nxe5+ Bxe5 55. fxe5 Kg6 56. c6 bxc6 57. Qxc6 Qd1+ 58. Kg2 Qd2+ 59. Kh3 1/2-1/2

[Event "5th Batumi Municipality Cup 2019"]
[Site "Batumi"]
[Date "2019.07.08"]
[Round "7.11"]
[White "Mustafayev, Farid"]
[Black "Tereladze, Sopiko"]
[Result "1-0"]
[WhiteElo "2289"]
[BlackElo "2144"]
[Annotator "NA"]
[PlyCount "55"]
[EventDate "2019.07.04"]
[EventCountry "GEO"]
[SourceTitle "playchess.com"]
[Source "ChessBase"]
[SourceQuality "1"]

1. e4 e5 2. Nf3 Nc6 3. Nc3 Nf6 4. Be2 d5 5. exd5 Nxd5 6. O-O Nxc3 7. bxc3 e4 8. Ne1 Bd6 9. d3 Bf5 10. Rb1 Rb8 11. Be3 O-O 12. d4 Qe7 13. c4 b6 14. c3 Bd7 15. Qd2 Rbe8 16. Nc2 f5 17. f4 Na5 18. c5 Bxf4 19. Bxf4 bxc5 20. d5 Bc8 21. d6 cxd6 22. Bxd6 Qd8 23. Rfd1 Rf7 24. Bb5 Bd7 25. Bf4 Qa8 26. Bxd7 Rd8 27. Be6 Rxd2 28. Rxd2 1-0

[Event "5th Batumi Municipality Cup 2019"]
[Site "Batumi"]
[Date "2019.07.08"]
[Round "7.12"]
[White "Yeritsyan, Hayk"]
[Black "Akhvlediani, Irakli"]
[Result "1-0"]
[WhiteElo "2210"]
[BlackElo "2259"]
[Annotator "NA"]
[PlyCount "73"]
[EventDate "2019.07.04"]
[EventCountry "GEO"]
[SourceTitle "playchess.com"]
[Source "ChessBase"]
[SourceQuality "1"]

1. d4 Nf6 2. c4 g6 3. Nc3 Bg7 4. e4 O-O 5. f4 d6 6. Nf3 c5 7. d5 e6 8. Be2 exd5 9. cxd5 Bg4 10. O-O Re8 11. h3 Bxf3 12. Bxf3 Nbd7 13. g4 h6 14. h4 h5 15. g5 Ng4 16. Kg2 c4 17. e5 dxe5 18. Bxg4 hxg4 19. f5 gxf5 20. Rxf5 e4 21. Bf4 Nc5 22. h5 Nd3 23. Qxg4 Qb6 24. Rf1 e3 25. Ne2 Nf2 26. Qf3 Qxb2 27. h6 Qc2 28. Bg3 Bb2 29. Bxf2 exf2 30. Rxf2 Qd3 31. Qg4 Kh8 32. Ng3 Bd4 33. Rf1 Re3 34. Rxf7 Be5 35. Rf8+ Rxf8 36. Rxf8+ Kh7 37. Qd7+ 1-0

[Event "5th Batumi Municipality Cup 2019"]
[Site "Batumi"]
[Date "2019.07.08"]
[Round "7.13"]
[White "Morchiashvili, Bachana"]
[Black "Dolzhykova, Kateryna"]
[Result "1-0"]
[WhiteElo "2335"]
[BlackElo "2228"]
[Annotator "NA"]
[PlyCount "130"]
[EventDate "2019.07.04"]
[EventCountry "GEO"]
[SourceTitle "playchess.com"]
[Source "ChessBase"]
[SourceQuality "1"]

1. d4 d6 2. Nf3 Nf6 3. c4 g6 4. Nc3 Bg7 5. e4 O-O 6. h3 e5 7. d5 a5 8. Bg5 Na6 9. Nd2 h6 10. Be3 Nh7 11. g4 f5 12. gxf5 gxf5 13. exf5 Bxf5 14. Nde4 Qh4 15. Bd3 Nb4 16. Bb1 Nf6 17. Nxf6+ Rxf6 18. Bxf5 Rxf5 19. Qg4 Nc2+ 20. Ke2 Qh5 21. Rag1 Nxe3 22. fxe3 Raf8 23. Ne4 Qf7 24. Rg2 h5 25. Qg6 Qxg6 26. Rxg6 Kh7 27. Rhg1 Bh6 28. Re6 Rf3 29. Rg3 Rxg3 30. Nxg3 Bg5 31. Ne4 Bh4 32. c5 dxc5 33. Rxe5 Kg6 34. Re6+ Kh7 35. d6 cxd6 36. Rxd6 Rf5 37. Rd7+ Kg6 38. Rxb7 Re5 39. Rb6+ Kg7 40. Nd6 Bg5 41. e4 Bd8 42. Ra6 c4 43. Kf3 Rc5 44. Nf5+ Kf7 45. Ra7+ Bc7 46. Ne3 Ke6 47. Ra6+ Kf7 48. Nd5 Be5 49. Nc3 h4 50. Na4 Rb5 51. Rb6 Rb4 52. Rxb4 axb4 53. Nb6 c3 54. bxc3 Bxc3 55. Nd5 Ke6 56. Nxc3 bxc3 57. Ke3 Ke5 58. Kd3 c2 59. Kxc2 Kxe4 60. Kd2 Kf3 61. a4 Kg3 62. a5 Kxh3 63. a6 Kg2 64. a7 h3 65. a8=Q+ Kg1 1-0